[Event "Irkutsk Region-ch"]
[Site "Irkutsk"]
[Date "2017.10.28"]
[Round "9"]
[White "Kyshtymov, Daniil"]
[Black "Telelyaev, Alexander"]
[Result "1-0"]
[WhiteElo "2037"]
[BlackElo "1973"]
[PlyCount "77"]
[EventDate "2017.10.21"]
[EventType "swiss"]
[EventRounds "9"]
[EventCountry "RUS"]
[SourceTitle "CBM 181 Extra"]
[Source "ChessBase"]
[SourceDate "2017.12.12"]
[SourceVersion "1"]
[SourceVersionDate "2017.12.12"]
[SourceQuality "1"]

1. e4 d6 2. d4 Nf6 3. Nc3 e5 4. Nf3 Nbd7 5. Bc4 Be7 6. Bg5 0-0 7. Qe2 c6 8. 0-0 b5 9. Bb3 a6 10. a4 Bb7 11. axb5 axb5 12. Bxf6 Bxf6 13. d5 Qb6 14. dxc6 Bxc6 15. Bd5 Rxa1 16. Rxa1 Rb8 17. g3 Bd8 18. Kg2 Nf6 19. Bxc6 Qxc6 20. Qd3 h6 21. Rd1 Bc7 22. Qe2 Qc4 23. Rd3 b4 24. b3 Qa6 25. Nd5 Nxd5 26. exd5 g6 27. Nd2 f5 28. g4 e4 29. Nxe4 Rf8 30. gxf5 Rxf5 31. Qg4 Rf7 32. Rg3 g5 33. h4 Bd8 34. Qe6 Qa7 35. Qxh6 Qd4 36. Qe6 Kg7 37. hxg5 Rf4 38. Qh6+ Kf7 39. g6+ 1-0

[Event "Irkutsk Region-ch"]
[Site "Irkutsk"]
[Date "2017.10.21"]
[Round "1"]
[White "Shelk, Alexander"]
[Black "Telelyaev, Alexander"]
[Result "1/2-1/2"]
[WhiteElo "2291"]
[BlackElo "1973"]
[PlyCount "149"]
[EventDate "2017.10.21"]
[EventType "swiss"]
[EventRounds "9"]
[EventCountry "RUS"]
[SourceTitle "CBM 181 Extra"]
[Source "ChessBase"]
[SourceDate "2017.12.12"]
[SourceVersion "1"]
[SourceVersionDate "2017.12.12"]
[SourceQuality "1"]

1. d4 Nf6 2. c4 e6 3. Nf3 Bb4+ 4. Nc3 c5 5. g3 b6 6. Bg2 Bb7 7. 0-0 0-0 8. d5 Bxc3 9. bxc3 d6 10. Re1 e5 11. e4 Ne8 12. Nh4 g6 13. Bh6 Ng7 14. Qd2 f6 15. a4 Nd7 16. Bf1 Rf7 17. Ng2 Nf8 18. a5 bxa5 19. Ra3 Bc8 20. Rea1 Rb8 21. Rxa5 a6 22. Be2 Rfb7 23. R5a2 Rb1+ 24. Bd1 Qb6 25. Ne3 Rxa1 26. Rxa1 Qb2 27. Qxb2 Rxb2 28. Ba4 Kf7 29. f4 Ne8 30. fxe5 dxe5 31. Nd1 Re2 32. Nf2 Nd6 33. Kf1 Rb2 34. Bc1 Rb8 35. Be3 Nxc4 36. Bxc5 Rb2 37. Ba3 Nxa3 38. Rxa3 Nd7 39. Nd3 Rd2 40. Ke1 Rxd3 41. Bc2 Nc5 42. Bxd3 Nxd3+ 43. Ke2 Nc5 44. Ke3 f5 45. exf5 gxf5 46. Ra2 Ke7 47. Rb2 Nd7 48. Rb4 Kd6 49. Rh4 Nf6 50. Rh6 Ke7 51. Kd3 Nxd5 52. Rxh7+ Kd6 53. c4 Nb4+ 54. Kc3 Nc6 55. Rh8 Be6 56. h4 f4 57. gxf4 exf4 58. Rf8 Ke5 59. h5 Bf5 60. h6 Bg6 61. c5 Nd4 62. Rg8 Bf5 63. Rg5 Kf6 64. Rh5 Nb5+ 65. Kd2 Bh7 66. c6 Nc7 67. Ke2 Kg6 68. Rh1 Kg5 69. Kf3 Ne6 70. Rd1 Kxh6 71. Rd6 Bf5 72. c7 Kh5 73. c8Q Ng5+ 74. Kxf4 Bxc8 75. Rd5 1/2-1/2

[Event "Irkutsk Region-ch"]
[Site "Irkutsk"]
[Date "2016.10.16"]
[Round "2.1"]
[White "Telelyaev, Alexander"]
[Black "Obolenskikh, Dmitry Aleksandrovi"]
[Result "0-1"]
[WhiteElo "2047"]
[BlackElo "2537"]
[PlyCount "96"]
[EventDate "2016.10.15"]
[EventType "tourn"]
[EventRounds "9"]
[EventCountry "RUS"]
[SourceTitle "EXT 2018"]
[Source "ChessBase"]
[SourceDate "2017.10.13"]
[SourceVersion "1"]
[SourceVersionDate "2017.10.13"]
[SourceQuality "1"]

1. e4 e6 2. d4 d5 3. Nc3 Bb4 4. e5 b6 5. a3 Bf8 6. Bb5+ c6 7. Bd3 Ba6 8. Nce2 Qd7 9. Nf3 c5 10. c3 Bxd3 11. Qxd3 c4 12. Qc2 Nc6 13. Bf4 Na5 14. 0-0 Ne7 15. Rae1 0-0-0 16. Nd2 Kb7 17. Bg5 Rc8 18. Bxe7 Bxe7 19. f4 g6 20. Nf3 h6 21. g4 h5 22. g5 Rc7 23. h4 Rb8 24. Nd2 b5 25. Ra1 Kc8 26. Rfb1 Rb6 27. Qd1 Nc6 28. Ng3 a5 29. Nxh5 gxh5 30. Qxh5 Bf8 31. Nf3 Qe8 32. Qg4 Ne7 33. h5 Nf5 34. Kf2 Be7 35. Nh4 Nxh4 36. Qxh4 Qg8 37. Qg4 Qh7 38. Rh1 Qc2+ 39. Qe2 Qf5 40. Qf3 Kd7 41. h6 Rc8 42. Rh4 Rg8 43. Qg4 Bxg5 44. Kf1 Bxh4 45. Qxg8 Qxf4+ 46. Kg2 Qd2+ 47. Kh3 Qxh6 48. Qxf7+ Be7+ 0-1

[Event "Irkutsk Region-ch"]
[Site "Irkutsk"]
[Date "2015.11.22"]
[Round "9"]
[White "Shelk, Alexander"]
[Black "Telelyaev, Alexander"]
[Result "1/2-1/2"]
[WhiteElo "2303"]
[BlackElo "2089"]
[PlyCount "120"]
[EventDate "2015.11.14"]
[EventType "swiss"]
[EventRounds "9"]
[EventCountry "RUS"]
[SourceTitle "CBM 169 Extra"]
[Source "ChessBase"]
[SourceDate "2015.12.18"]
[SourceVersion "1"]
[SourceVersionDate "2015.12.18"]
[SourceQuality "1"]

1. d4 d6 2. e4 Nf6 3. Nc3 e5 4. Nge2 Be7 5. g3 Bg4 6. Bg2 exd4 7. Qxd4 Nc6 8. Qe3 0-0 9. h3 Bd7 10. g4 Re8 11. g5 Nh5 12. Bf3 g6 13. Bxh5 gxh5 14. Nd5 Be6 15. Ndf4 Nb4 16. Nxe6 fxe6 17. Qb3 d5 18. Bd2 a5 19. g6 hxg6 20. Rg1 Kh7 21. a3 Nc6 22. 0-0-0 Rg8 23. Bf4 Qe8 24. exd5 exd5 25. Rxd5 Rd8 26. Rxd8 Bxd8 27. Nc3 b6 28. Rd1 Rf8 29. Nd5 Qf7 30. Qa4 Ne7 31. Nxe7 Bxe7 32. Be3 Rd8 33. Rd7 Qe8 34. Rd4 Qxa4 35. Rxa4 Rd7 36. Re4 Kg7 37. a4 Kf7 38. c3 Rd5 39. Kc2 Rf5 40. b4 Ke8 41. Kb3 Kd7 42. Rf4 Rxf4 43. Bxf4 g5 44. Bg3 h4 45. Bh2 Bd6 46. Bg1 g4 47. hxg4 h3 48. Kc4 c6 49. bxa5 bxa5 50. Kd4 Ke6 51. Ke4 h2 52. Bxh2 Bxh2 53. g5 Be5 54. c4 Bb2 55. f4 Bc3 56. f5+ Kf7 57. Kf3 Bb2 58. Kg4 Bc3 59. Kh5 Kg7 60. Kg4 Kf7 1/2-1/2

[Event "Irkutsk Region-ch"]
[Site "Irkutsk"]
[Date "2015.11.21"]
[Round "8"]
[White "Bychkov, Vladimir"]
[Black "Telelyaev, Alexander"]
[Result "0-1"]
[WhiteElo "2181"]
[BlackElo "2089"]
[PlyCount "112"]
[EventDate "2015.11.14"]
[EventType "swiss"]
[EventRounds "9"]
[EventCountry "RUS"]
[SourceTitle "CBM 169 Extra"]
[Source "ChessBase"]
[SourceDate "2015.12.18"]
[SourceVersion "1"]
[SourceVersionDate "2015.12.18"]
[SourceQuality "1"]

1. c4 e5 2. Nc3 d6 3. g3 Nf6 4. Bg2 Be7 5. d3 0-0 6. Nf3 c6 7. 0-0 Re8 8. e4 Bg4 9. h3 Bh5 10. Qb3 Bxf3 11. Bxf3 Qc7 12. Bg2 Nbd7 13. Qd1 a6 14. f4 b5 15. Kh2 Rad8 16. f5 b4 17. Na4 d5 18. Qe2 dxe4 19. Bxe4 Nxe4 20. dxe4 Nf6 21. g4 h6 22. Rg1 Nh7 23. g5 Bxg5 24. Bxg5 hxg5 25. h4 Qe7 26. Rg2 Rd4 27. Rag1 f6 28. c5 Red8 29. b3 a5 30. Nb6 Qxc5 31. Nc4 Rd3 32. h5 a4 33. Rg3 Rxg3 34. Rxg3 axb3 35. axb3 Qd4 36. Rg2 Qd1 37. Qxd1 Rxd1 38. Ra2 Rd8 39. Ra7 Nf8 40. Rb7 Kh7 41. Kg3 Nd7 42. Rxb4 Nc5 43. Rb6 Rd3+ 44. Kg2 Nxe4 45. Rxc6 Rxb3 46. h6 Kxh6 47. Nxe5 Kh5 48. Ng6 Kg4 49. Ne7 Rb2+ 50. Kf1 Kf3 51. Rc1 Rh2 52. Kg1 Rg2+ 53. Kf1 Ng3+ 54. Ke1 Rg1+ 55. Kd2 Rxc1 56. Kxc1 Ke4 0-1

[Event "Irkutsk Region-ch"]
[Site "Irkutsk"]
[Date "2015.11.16"]
[Round "3"]
[White "Telelyaev, Alexander"]
[Black "Sarapulov, Maxim"]
[Result "1/2-1/2"]
[WhiteElo "2089"]
[BlackElo "1907"]
[PlyCount "87"]
[EventDate "2015.11.14"]
[EventType "swiss"]
[EventRounds "9"]
[EventCountry "RUS"]
[SourceTitle "CBM 169 Extra"]
[Source "ChessBase"]
[SourceDate "2015.12.18"]
[SourceVersion "1"]
[SourceVersionDate "2015.12.18"]
[SourceQuality "1"]

1. d3 e5 2. e4 c5 3. Nf3 Nc6 4. c3 d5 5. Nbd2 d4 6. Be2 g6 7. 0-0 Bg7 8. Nb3 b6 9. cxd4 cxd4 10. Bg5 f6 11. Bd2 Nge7 12. Ne1 0-0 13. g3 f5 14. f4 h6 15. Bf3 Kh7 16. Qe2 Qd6 17. Rc1 Bd7 18. Ng2 Rae8 19. Qd1 a5 20. Be1 Be6 21. a3 Nb8 22. Nd2 Na6 23. Nc4 Bxc4 24. Rxc4 b5 25. Rc1 Qb6 26. Rf2 Nc5 27. Bxa5 Qa7 28. Bb4 Ne6 29. Qb3 fxe4 30. Bxe4 Qd7 31. Rcf1 exf4 32. gxf4 Rf6 33. Qd1 Nf5 34. Qg4 Qc7 35. Qh3 Bf8 36. Nh4 Neg7 37. Bd2 Bd6 38. Kh1 Ref8 39. Rg1 Nxh4 40. Qxh4 Nf5 41. Qg4 Ne7 42. Rgf1 Nf5 43. Rg2 Ne7 44. Rgf2 1/2-1/2

[Event "Irkutsk Region-ch"]
[Site "Irkutsk"]
[Date "2015.11.15"]
[Round "2"]
[White "Naumov, Ivan"]
[Black "Telelyaev, Alexander"]
[Result "1-0"]
[WhiteElo "1992"]
[BlackElo "2089"]
[PlyCount "63"]
[EventDate "2015.11.14"]
[EventType "swiss"]
[EventRounds "9"]
[EventCountry "RUS"]
[SourceTitle "CBM 169 Extra"]
[Source "ChessBase"]
[SourceDate "2015.12.18"]
[SourceVersion "1"]
[SourceVersionDate "2015.12.18"]
[SourceQuality "1"]

1. d4 Nf6 2. Nf3 d6 3. c4 Nbd7 4. Nc3 e5 5. e3 g6 6. Be2 Bg7 7. 0-0 0-0 8. b3 Re8 9. dxe5 Nxe5 10. Bb2 Bd7 11. Nxe5 Rxe5 12. Bf3 Bc6 13. Nb5 Re8 14. Nd4 Be4 15. h3 Qe7 16. Bxe4 Nxe4 17. Qc2 Rad8 18. Rab1 Rd7 19. Rfd1 Qf6 20. Ba1 Qe7 21. Ne2 Bxa1 22. Rxa1 Nxf2 23. Kxf2 Qxe3+ 24. Kf1 Re6 25. Qb2 Rde7 26. Ng1 Re4 27. Nf3 f5 28. Qd2 Qb6 29. Re1 f4 30. Ng5 R4e5 31. Rxe5 dxe5 32. Qd8+ 1-0

[Event "Sibiria Region-ch"]
[Site "Irkutsk"]
[Date "2010.05.16"]
[Round "2"]
[White "Tugarin, Anton"]
[Black "Telelyaev, Alexander"]
[Result "1/2-1/2"]
[WhiteElo "1968"]
[BlackElo "2105"]
[PlyCount "49"]
[EventDate "2010.05.15"]
[EventType "swiss"]
[EventRounds "9"]
[EventCountry "RUS"]
[SourceTitle "CBM 136 Extra"]
[Source "ChessBase"]
[SourceDate "2010.07.02"]
[SourceVersion "2"]
[SourceVersionDate "2010.07.15"]
[SourceQuality "1"]

1. e4 e5 2. f4 exf4 3. Nf3 g5 4. Bc4 d6 5. h4 g4 6. Ng5 Nh6 7. d4 Bg7 8. Bxf4 Nc6 9. c3 0-0 10. Qc2 Na5 11. e5 Bf5 12. Bd3 Qd7 13. 0-0 dxe5 14. Bxe5 Bxd3 15. Qxd3 f5 16. Bxg7 Kxg7 17. d5 Kg8 18. b4 Nc6 19. Qb5 Ne5 20. Qxd7 Nxd7 21. Ne6 Rfc8 22. Nd4 Rf8 23. Ne6 Rfc8 24. Nd4 Rf8 25. Ne6 1/2-1/2

[Event "Irkutsk Region-ch"]
[Site "Angarsk"]
[Date "2009.11.01"]
[Round "7"]
[White "Goryachkin, Alexander"]
[Black "Telelyaev, Alexander"]
[Result "1-0"]
[WhiteElo "2064"]
[BlackElo "2120"]
[PlyCount "105"]
[EventDate "2009.10.26"]
[EventType "swiss"]
[EventRounds "9"]
[EventCountry "RUS"]
[SourceTitle "EXT 2023"]
[Source "ChessBase"]
[SourceDate "2022.10.05"]
[SourceVersion "1"]
[SourceVersionDate "2022.10.05"]
[SourceQuality "1"]

1. d4 Nf6 2. Nf3 g6 3. c4 c5 4. Nc3 Bg7 5. e4 cxd4 6. Nxd4 d6 7. Be2 Nc6 8. Be3 0-0 9. 0-0 a6 10. Qd2 Ng4 11. Bxg4 Bxg4 12. Rac1 Rc8 13. b3 Qa5 14. f3 Bd7 15. Rfd1 Nxd4 16. Bxd4 Bxd4+ 17. Qxd4 Qc5 18. Nd5 Rfe8 19. Nb6 Qxd4+ 20. Rxd4 Rcd8 21. e5 Bc6 22. Rcd1 Kg7 23. Kf2 f6 24. exd6 e5 25. R4d2 Kf7 26. a4 e4 27. fxe4 Rxe4 28. Re1 Re5 29. Rxe5 fxe5 30. Ke3 Ke6 31. c5 a5 32. Nc4 Ra8 33. d7 Bxd7 34. Rd6+ Ke7 35. Nxe5 Be8 36. Rb6 Ra7 37. h4 Kd8 38. g4 Kc7 39. Re6 Kd8 40. Rd6+ Kc7 41. g5 Ra8 42. Re6 Kd8 43. Kd4 Rc8 44. Nc4 Ra8 45. Nd6 Bc6 46. Rf6 Ke7 47. Ke5 Rh8 48. Rf7+ Kd8 49. Nxb7+ Kc8 50. Nxa5 Bd7 51. Nc4 Re8+ 52. Kd4 Re1 53. Nb6+ 1-0

[Event "Berdsk Maestro op 15th"]
[Site "Berdsk"]
[Date "2009.07.12"]
[Round "5"]
[White "Kozhevnikov, Evgraf"]
[Black "Telelyaev, Alexander"]
[Result "0-1"]
[WhiteElo "1991"]
[BlackElo "2131"]
[PlyCount "71"]
[EventDate "2009.07.08"]
[EventType "swiss"]
[EventRounds "9"]
[EventCountry "RUS"]
[SourceTitle "EXT 2022"]
[Source "ChessBase"]
[SourceDate "2021.10.06"]
[SourceVersion "1"]
[SourceVersionDate "2021.10.06"]
[SourceQuality "1"]

1. e4 d6 2. d4 Nf6 3. Nc3 e5 4. dxe5 dxe5 5. Qxd8+ Kxd8 6. Bc4 Be6 7. Bxe6 fxe6 8. Nf3 Bd6 9. h3 Nc6 10. Be3 a6 11. 0-0-0 Ke7 12. g4 b5 13. g5 Nh5 14. Ne2 Rhf8 15. Nd2 Nf4 16. Bxf4 exf4 17. Nf3 e5 18. Rd5 Ke6 19. Rhd1 Ne7 20. R5d3 Nc8 21. Nd2 Nb6 22. f3 Be7 23. h4 h6 24. Rg1 hxg5 25. hxg5 Rh8 26. c3 a5 27. b3 Rh2 28. Kd1 Rah8 29. c4 bxc4 30. Nxc4 Nxc4 31. bxc4 Rh1 32. Kc2 Rxg1 33. Nxg1 Bxg5 34. Kb3 Be7 35. Rd2 Ra8 36. Ka4 0-1

[Event "Berdsk Maestro op 15th"]
[Site "Berdsk"]
[Date "2009.07.11"]
[Round "4"]
[White "Telelyaev, Alexander"]
[Black "Khatnikov, Alexander"]
[Result "1-0"]
[WhiteElo "2131"]
[BlackElo "1948"]
[PlyCount "87"]
[EventDate "2009.07.08"]
[EventType "swiss"]
[EventRounds "9"]
[EventCountry "RUS"]
[SourceTitle "EXT 2022"]
[Source "ChessBase"]
[SourceDate "2021.10.06"]
[SourceVersion "1"]
[SourceVersionDate "2021.10.06"]
[SourceQuality "1"]

1. Nf3 Nf6 2. d3 d5 3. Nbd2 c6 4. e4 Qc7 5. g3 Bg4 6. h3 Bxf3 7. Qxf3 e6 8. Bg2 Be7 9. 0-0 0-0 10. Qe2 e5 11. Nb3 dxe4 12. dxe4 Rd8 13. Be3 Nbd7 14. a4 a5 15. f4 b6 16. f5 c5 17. Nd2 Nb8 18. Nc4 Nc6 19. c3 Ne8 20. Rfd1 Rxd1+ 21. Rxd1 Rd8 22. Rxd8 Qxd8 23. Qd2 Nd6 24. Nxd6 Qxd6 25. Qxd6 Bxd6 26. Bf1 Kf8 27. Bc4 Ke7 28. Bg5+ f6 29. Bc1 Nd8 30. Kf2 Nf7 31. Ke3 Bc7 32. Bxf7 Kxf7 33. Kd3 Ke7 34. Kc4 Kd7 35. Kb5 Bd8 36. Bd2 Kc7 37. b4 axb4 38. cxb4 Be7 39. bxc5 Bxc5 40. g4 h6 41. a5 Kb7 42. axb6 Bxb6 43. Bb4 Bd8 44. Bf8 1-0

[Event "Berdsk Maestro op 15th"]
[Site "Berdsk"]
[Date "2009.07.10"]
[Round "3"]
[White "Gorbachev, Anton"]
[Black "Telelyaev, Alexander"]
[Result "1-0"]
[WhiteElo "2004"]
[BlackElo "2131"]
[PlyCount "63"]
[EventDate "2009.07.08"]
[EventType "swiss"]
[EventRounds "9"]
[EventCountry "RUS"]
[SourceTitle "EXT 2022"]
[Source "ChessBase"]
[SourceDate "2021.10.06"]
[SourceVersion "1"]
[SourceVersionDate "2021.10.06"]
[SourceQuality "1"]

1. e4 e5 2. Nf3 Nc6 3. Bc4 Bc5 4. 0-0 Nf6 5. c3 Bb6 6. d4 Qe7 7. Re1 d6 8. h3 h6 9. a4 0-0 10. d5 Nb8 11. a5 Bxf2+ 12. Kxf2 Nbd7 13. b4 a6 14. Nbd2 Kh7 15. Nf1 g6 16. Qd2 Ng8 17. Ne3 Qf6 18. Kg1 Qg7 19. Bd3 Nb8 20. Qc2 f6 21. c4 Bd7 22. c5 Rc8 23. Qf2 Rf8 24. cxd6 cxd6 25. Nc4 Bb5 26. Nb6 Bxd3 27. Nxa8 f5 28. Qh4 Qe7 29. Qxe7+ Nxe7 30. exf5 gxf5 31. Nxe5 Nxd5 32. Nxd3 1-0

[Event "Sibiria Region-ch"]
[Site "Irkutsk"]
[Date "2009.05.13"]
[Round "5"]
[White "Telelyaev, Alexander"]
[Black "Pavlov, Oleg Yuryevich"]
[Result "1/2-1/2"]
[WhiteElo "2127"]
[BlackElo "2328"]
[PlyCount "106"]
[EventDate "2009.05.10"]
[EventType "swiss"]
[EventRounds "9"]
[EventCountry "RUS"]
[SourceTitle "CBM 130 Extra"]
[Source "ChessBase"]
[SourceDate "2009.07.02"]
[SourceVersion "2"]
[SourceVersionDate "2009.07.15"]
[SourceQuality "1"]

1. Nf3 d5 2. d3 Nf6 3. Nbd2 c5 4. e4 Nc6 5. Be2 e5 6. 0-0 Be7 7. c3 0-0 8. a3 h6 9. b4 a6 10. Bb2 b5 11. exd5 Qxd5 12. c4 Qe6 13. bxc5 Bxc5 14. cxb5 axb5 15. Qb3 Qe7 16. Ne4 Nxe4 17. dxe4 Bg4 18. Qd5 Bxf3 19. Bxf3 Nd4 20. Bxd4 Bxd4 21. Rab1 Rxa3 22. Rxb5 Qa7 23. Rb7 Bxf2+ 24. Kh1 Ra1 25. Bd1 Qa6 26. Rb5 Rb1 27. Be2 Rxf1+ 28. Bxf1 Qa1 29. Qd3 Bd4 30. Rb1 Qa2 31. Qb3 Qxb3 32. Rxb3 Rc8 33. Rb1 g6 34. Bb5 Kg7 35. Rf1 h5 36. g3 Rc2 37. Be8 f6 38. h4 Re2 39. Bc6 Bc3 40. Rf3 Bd4 41. Bd5 Be3 42. Bc4 Re1+ 43. Rf1 Bd2 44. Rxe1 Bxe1 45. Kg2 f5 46. exf5 gxf5 47. Be2 Kg6 48. Kh3 e4 49. Bd1 Ba5 50. Be2 Bc7 51. Bd1 Kf6 52. Bxh5 Ke5 53. Kg2 Kd4 1/2-1/2

[Event "Sibiria Region-ch"]
[Site "Irkutsk"]
[Date "2009.05.12"]
[Round "4"]
[White "Kuzmin, Ilya"]
[Black "Telelyaev, Alexander"]
[Result "1/2-1/2"]
[WhiteElo "2218"]
[BlackElo "2127"]
[PlyCount "135"]
[EventDate "2009.05.10"]
[EventType "swiss"]
[EventRounds "9"]
[EventCountry "RUS"]
[SourceTitle "CBM 130 Extra"]
[Source "ChessBase"]
[SourceDate "2009.07.02"]
[SourceVersion "2"]
[SourceVersionDate "2009.07.15"]
[SourceQuality "1"]

1. c4 Nf6 2. Nc3 d6 3. g3 Nbd7 4. Bg2 e5 5. d3 g6 6. b4 Bg7 7. Bd2 0-0 8. Nf3 Nh5 9. 0-0 f5 10. Rc1 c6 11. b5 c5 12. Ng5 Ndf6 13. f4 h6 14. Nh3 Re8 15. Nf2 exf4 16. gxf4 Ng4 17. Nxg4 fxg4 18. Ne4 Bf5 19. e3 Qd7 20. Bc3 Re7 21. Qd2 Rae8 22. Rce1 g3 23. Bxg7 gxh2+ 24. Kxh2 Kxg7 25. Nc3 Nf6 26. Bf3 Bg4 27. Bd5 Qf5 28. Bg2 Qh5+ 29. Kg1 Bh3 30. e4 Bc8 31. Qf2 Rf8 32. Qg3 Qg4 33. Qxg4 Nxg4 34. Rf3 Ref7 35. Ref1 b6 36. a4 Be6 37. Ne2 h5 38. a5 bxa5 39. f5 Bd7 40. Nf4 gxf5 41. Nxh5+ Kh6 42. Rh3 Kg6 43. Nf4+ Kg7 44. Ra1 fxe4 45. Nh5+ Kg6 46. Bxe4+ Kg5 47. Ng3 Nf2 48. Rh2 Kg4 49. Rg2 Nh3+ 50. Kh2 Nf4 51. Nf5+ Nxg2 52. Nh6+ Kh4 53. Nxf7 Ne3 54. Nxd6 Bh3 55. Re1 Ng4+ 56. Kg1 a4 57. Nf5+ Kg5 58. Ra1 Ne5 59. Ne3 Kh4 60. Nd5 Kg3 61. Nc3 a3 62. Ne2+ Kh4 63. d4 cxd4 64. Nxd4 a2 65. Nf3+ Nxf3+ 66. Bxf3 Rxf3 67. Rxa2 Rf1+ 68. Kh2 1/2-1/2

[Event "Berdsk Maestro op 14th"]
[Site "Berdsk"]
[Date "2008.07.11"]
[Round "4"]
[White "Telelyaev, Alexander"]
[Black "Shakirov, Alexander"]
[Result "0-1"]
[WhiteElo "2168"]
[BlackElo "1988"]
[PlyCount "78"]
[EventDate "2008.07.08"]
[EventType "swiss"]
[EventRounds "9"]
[EventCountry "RUS"]
[SourceTitle "CBM 125 Extra"]
[Source "ChessBase"]
[SourceDate "2008.09.01"]
[SourceVersion "1"]
[SourceVersionDate "2008.09.01"]
[SourceQuality "1"]

1. Nf3 c5 2. d3 Nc6 3. e4 g6 4. Nbd2 Bg7 5. Be2 e5 6. 0-0 Nge7 7. c3 0-0 8. Nb3 b6 9. d4 d6 10. dxe5 dxe5 11. Qxd8 Rxd8 12. Bc4 h6 13. Be3 a5 14. a4 Bb7 15. Rad1 Na7 16. Nbd2 Nac8 17. Bb3 Nd6 18. Bc2 f5 19. g3 fxe4 20. Nh4 Ba6 21. c4 Bb7 22. b3 g5 23. Ng2 Nef5 24. Rfe1 Re8 25. h4 Nd4 26. Bb1 Nf3+ 27. Nxf3 exf3 28. Rxd6 fxg2 29. hxg5 hxg5 30. Rxb6 Bf3 31. Bxg5 e4 32. Bc2 Re5 33. Bh4 Rae8 34. Rg6 Kf7 35. Ra6 Rf5 36. Rxa5 Bf6 37. Ra7+ Ke6 38. Bxf6 Rxf6 39. Bd1 Rd8 0-1

[Event "Berdsk Maestro op 14th"]
[Site "Berdsk"]
[Date "2008.07.10"]
[Round "3"]
[White "Kozhevnikov, Evgraf"]
[Black "Telelyaev, Alexander"]
[Result "0-1"]
[WhiteElo "1956"]
[BlackElo "2168"]
[PlyCount "108"]
[EventDate "2008.07.08"]
[EventType "swiss"]
[EventRounds "9"]
[EventCountry "RUS"]
[SourceTitle "CBM 125 Extra"]
[Source "ChessBase"]
[SourceDate "2008.09.01"]
[SourceVersion "1"]
[SourceVersionDate "2008.09.01"]
[SourceQuality "1"]

1. e4 d6 2. d4 Nf6 3. Bd3 e5 4. d5 g6 5. c4 Bg7 6. Nc3 0-0 7. Nge2 Nbd7 8. 0-0 Nc5 9. Bc2 a5 10. Ng3 Ne8 11. Be3 h5 12. Qd2 Kh7 13. f4 exf4 14. Bxf4 Be5 15. Bxe5 dxe5 16. Rf2 Qe7 17. Raf1 h4 18. Nge2 Kg7 19. Qe3 b6 20. Nb5 Bd7 21. Nec3 Bxb5 22. Nxb5 Nd6 23. Nxd6 cxd6 24. Rf3 Ra7 25. Qf2 Qg5 26. Rh3 Rh8 27. Rf3 Qe7 28. Kh1 Rf8 29. Rh3 Rh8 30. Rf3 Rh7 31. b3 Rb7 32. a3 h3 33. g3 Kg8 34. Rf6 Nd7 35. Rf3 b5 36. cxb5 Rxb5 37. Qa7 Rc5 38. Bd3 Qd8 39. Bc4 Qc7 40. Qa8+ Qc8 41. Qa7 f6 42. Qa6 Qc7 43. a4 Rf7 44. Bb5 Nb8 45. Qa8 Kg7 46. g4 Rf8 47. Rxh3 Rc8 48. Rhf3 Nc6 49. Qxc6 Rxc6 50. Bxc6 Rf8 51. Kg2 Qb6 52. Rd3 Qb4 53. Re3 Qd2+ 54. Kh3 Rh8+ 0-1

[Event "Berdsk Maestro op 14th"]
[Site "Berdsk"]
[Date "2008.07.08"]
[Round "1"]
[White "Popov, Danil"]
[Black "Telelyaev, Alexander"]
[Result "1-0"]
[WhiteElo "1741"]
[BlackElo "2168"]
[PlyCount "94"]
[EventDate "2008.07.08"]
[EventType "swiss"]
[EventRounds "9"]
[EventCountry "RUS"]
[SourceTitle "CBM 125 Extra"]
[Source "ChessBase"]
[SourceDate "2008.09.01"]
[SourceVersion "1"]
[SourceVersionDate "2008.09.01"]
[SourceQuality "1"]

1. d4 d6 2. c4 Nf6 3. Nc3 Nbd7 4. e4 e5 5. d5 Be7 6. g3 0-0 7. Bg2 Ne8 8. f4 exf4 9. Bxf4 Bf6 10. Nf3 g5 11. Be3 Ne5 12. Nxe5 Bxe5 13. 0-0 Ng7 14. g4 f6 15. Qe2 a6 16. Nd1 Qe8 17. Nf2 Qa4 18. Nd3 h6 19. Nxe5 dxe5 20. h4 Qd7 21. Bf3 h5 22. hxg5 hxg4 23. Bh1 f5 24. Bc5 f4 25. Qh2 Rd8 26. g6 Ne8 27. Rxf4 exf4 28. Qxf4 Qg7 29. Rf1 Nd6 30. e5 Rf8 31. Qxf8+ Qxf8 32. Rxf8+ Kxf8 33. Be4 Kg8 34. exd6 cxd6 35. Bxd6 Bd7 36. Be7 Kg7 37. d6 Rc8 38. b3 Rb8 39. c5 a5 40. a3 Be8 41. Kf2 Bd7 42. Kg3 Re8 43. b4 axb4 44. axb4 Rb8 45. Kf4 Bc8 46. Kg5 Be6 47. Bf6+ Kg8 1-0

[Event "Sibiria Region-ch"]
[Site "Novokuznetsk"]
[Date "2008.03.15"]
[Round "3"]
[White "Tsydypov, Zhamsaran"]
[Black "Telelyaev, Alexander"]
[Result "0-1"]
[WhiteElo "2022"]
[BlackElo "2173"]
[PlyCount "97"]
[EventDate "2008.03.13"]
[EventType "swiss"]
[EventRounds "9"]
[EventCountry "RUS"]
[SourceTitle "CBM 123 Extra"]
[Source "ChessBase"]
[SourceDate "2008.05.06"]
[SourceVersion "1"]
[SourceVersionDate "2008.05.06"]
[SourceQuality "1"]

1. e4 c5 2. Nf3 Nc6 3. Bb5 g6 4. Bxc6 dxc6 5. d3 Bg7 6. h3 Nf6 7. e5 Nd5 8. 0-0 0-0 9. Nc3 Nxc3 10. bxc3 Qa5 11. Bd2 c4 12. d4 Bf5 13. Nh4 Be4 14. f3 Bd5 15. f4 f6 16. Nf3 Qa4 17. Be3 Be4 18. Rf2 Qa3 19. Qe1 Bd5 20. Bc1 Qa5 21. a4 Rfe8 22. Ba3 Qc7 23. Qe3 Qd7 24. a5 b6 25. Bb4 Reb8 26. Nh4 fxe5 27. fxe5 Rf8 28. Raf1 Rxf2 29. Rxf2 Rf8 30. Rxf8+ Bxf8 31. Nf3 bxa5 32. Bxa5 Qf5 33. Ne1 Qe4 34. Qxe4 Bxe4 35. Kf2 Bh6 36. Ke2 Kf7 37. g4 Bf4 38. Bc7 e6 39. Bd6 a5 40. Ba3 Kg7 41. Kd1 h5 42. Be7 Kf7 43. Bd6 a4 44. Bc5 Bg5 45. Ba3 Bd8 46. Bb4 hxg4 47. hxg4 Bh4 48. Ke2 Bg2 49. Kd1 0-1

[Event "Sibiria Region-ch"]
[Site "Novokuznetsk"]
[Date "2008.03.13"]
[Round "1"]
[White "Salinnikov, Denis Y"]
[Black "Telelyaev, Alexander"]
[Result "1-0"]
[WhiteElo "2395"]
[BlackElo "2173"]
[PlyCount "43"]
[EventDate "2008.03.13"]
[EventType "swiss"]
[EventRounds "9"]
[EventCountry "RUS"]
[SourceTitle "CBM 123 Extra"]
[Source "ChessBase"]
[SourceDate "2008.05.06"]
[SourceVersion "1"]
[SourceVersionDate "2008.05.06"]
[SourceQuality "1"]

1. e4 d6 2. d4 Nf6 3. Nc3 e5 4. dxe5 dxe5 5. Qxd8+ Kxd8 6. g3 Bd6 7. Bg5 a6 8. 0-0-0 Ke8 9. Bxf6 gxf6 10. Nd5 f5 11. Bh3 Nc6 12. Bxf5 Bxf5 13. exf5 h5 14. Nf3 Rh6 15. Ng5 Ne7 16. Ne4 Nxd5 17. Rxd5 Kd7 18. Rhd1 Kc6 19. f6 Rd8 20. c4 b6 21. b4 Rf8 22. c5 1-0

[Event "Sibiria Region-ch"]
[Site "Russia"]
[Date "2007.03.20"]
[Round "3"]
[White "Telelyaev, Alexander"]
[Black "Pavlov, Oleg Yuryevich"]
[Result "1-0"]
[WhiteElo "2174"]
[BlackElo "2282"]
[PlyCount "69"]
[EventDate "2007.03.18"]
[EventType "swiss"]
[EventRounds "9"]
[EventCountry "RUS"]
[SourceTitle "EXT 2008"]
[Source "ChessBase"]
[SourceDate "2007.11.25"]
[SourceVersion "1"]
[SourceVersionDate "2007.11.25"]
[SourceQuality "1"]

1. e4 c6 2. d4 d5 3. Nc3 dxe4 4. Nxe4 Bf5 5. Ng3 Bg6 6. h4 h6 7. Nf3 Nd7 8. h5 Bh7 9. Bd3 Bxd3 10. Qxd3 e6 11. Bd2 Qc7 12. 0-0-0 Ngf6 13. Ne4 0-0-0 14. Kb1 Nxe4 15. Qxe4 Nf6 16. Qe2 Rd5 17. c4 Rxh5 18. Rxh5 Nxh5 19. d5 Bc5 20. Ne5 Nf6 21. dxc6 bxc6 22. Bc3 Re8 23. Qf3 Kb7 24. b4 Bxb4 25. Bb2 Bd6 26. Nxf7 Bh2 27. Nxh6 Qf4 28. Qxf4 Bxf4 29. Nf7 Re7 30. Ne5 Bh6 31. f3 Kc7 32. Bc3 c5 33. Kc2 Be3 34. g4 Bf4 35. Ng6 1-0